000 00991nac a22003017a 4500
001 BR8302070
003 BR-BrBNA
005 20240105115702.0
008 230509b bl.|||m| |||| 00| 0 por d
040 _aBR-BrBNA
_bpor
_cBiblioteca Nacional de Agricultura
072 _aP00
090 _a8891 BR8302070
100 1 _aSick, H.
100 1 _aTeixeira, D.M.
110 1 _aEscola Superior de Agricultura de Mossoro, RN (Brasil)
_94362
245 1 _aNotas sobre aves brasileiras raras ou ameacadas de extincao
260 3 _aMossoro, RN (Brasil):
_c1983.
300 _a39 p.
490 _aColecao Mossoroense. Serie B (Brazil)
_vno. 326
_x
500 _aSummary (En); Bibliography p. 37-39 (67 ref.); Reprint of Publicacoes Avulsas do Museu Nacional, (62), 1979
650 _aFAUNA
650 _aDESMATAMENTO
650 _aMEIO AMBIENTE
650 _aAVE SELVAGEM
650 _aESPECIE EM EXTINCAO
909 _a202312
_bLúcia Elande
_c55
_dLúcia Elande
942 _2AGRIS
_n0
_cMS
999 _c275907
_d275907